000 01340nam a2200289 i 4500
001 000045449
003 DO-SdBNP
005 20231009120024.0
007 ta
008 150325s2015 dr abc 000 0 spa d
020 _a9789945082128
040 _aDO-SdBNP
_bspa
_cBNPHU
_erda
082 4 _222
100 1 _aPuello Nina, Rafael Bienvenido,
_d1952-
_973505
245 1 3 _aLa frontera dominico-haitiana :
_bun espacio para la humanización y el desarrollo sostenible el caso Macasías, provincia Elías Piña /
_cRafael Bienvenido Puello Nina ; edición Héctor Luis Martínez ; presentación Bolívar Troncoso Morales.
260 _aSanto Domingo :
_bSección Nacional Dominicana del Instituto Panamericano de Geografía e Historia,
_bBuho,
_c2015.
300 _a286 páginas :
_bil., mapas, retrs. ;
_c23 cm.
500 _aIncluye datos biográficos del autor en las solapas
500 _aIncluye referencias bibliográficas y notas al pie de las páginas
504 _aBibliografía : p. 161-169
590 _aInventariado, 2023/BT
700 1 _aMartínez, Héctor Luis,
_eedición
_99580
700 1 _aTroncoso Morales, Bolívar,
_epresentación
_910922
710 2 _aSección Nacional Dominicana del Instituto Panamericano de Geografía e Historia (IPGH), República Dominicana
_973506
910 _aBtavárez
942 _2ddc
_cLBS1
999 _c44938
_d44938